书目信息 |
| 题名: |
蓝色思维
|
|
| 作者: | 尼科尔斯 著 ;阳曦 译 | |
| 分册: | ||
| 出版信息: | 北京 九州出版社 2018 |
|
| 页数: | 22,205页 | |
| 开本: | 23cm | |
| 丛书名: | ||
| 单 册: | ||
| 中图分类: | B80-49 | |
| 科图分类: | ||
| 主题词: | 思维科学--通俗读物 | |
| 电子资源: | ||
| ISBN: | 978-7-5108-6940-2 | |
| 000 | 01242nam0 2200277 450 | |
| 001 | 012001000400 | |
| 005 | 20140920091301.0 | |
| 010 | @a978-7-5108-6940-2@dCNY45.00 | |
| 100 | @a20180819d2018 em y0chiy50 ea | |
| 101 | 1 | @achi@ceng |
| 102 | @aCN@b110000 | |
| 105 | @ay z 000yy | |
| 106 | @ar | |
| 200 | 1 | @a蓝色思维@9Lan Se Si Wei@e与幸福感相关的大脑模式及思维偏好@f(美)华莱士·J. 尼科尔斯著@g阳曦译 |
| 210 | @a北京@c九州出版社@d2018 | |
| 215 | @a22,205页@d23cm | |
| 312 | @a封面英文题名:Blue mind | |
| 330 | @a本书作者尼科尔斯博士将这种与水有关的大脑模式与思维偏好命名为“蓝色思维”,并从情绪、行为、心理和生理各方面探讨了蓝色思维的能量。蓝色思维不仅让我们感到平和、宁静、和谐,幸福感和满足感油然而生,还可以帮我们控制“红色思维”(一种明显的亢奋状态,主要表现为压力、焦虑、恐惧,甚至可能还有一点愤怒和绝望)的破坏力,将之转换为健康的专注力和创意。 | |
| 510 | 1 | @aBlue mind@zeng |
| 517 | 1 | @a与幸福感相关的大脑模式及思维偏好@9Yu Xing Fu Gan Xiang Guan De Da Nao Mo Shi Ji Si Wei Pian Hao |
| 606 | 0 | @a思维科学@j通俗读物 |
| 690 | @aB80-49@v5 | |
| 701 | 0 | @c(美)@a尼科尔斯@9Ni Ke Er Si@c(Nichols, Wallace J.)@4著 |
| 702 | 0 | @a阳曦@9Yang Xi@4译 |
| 801 | 0 | @aCN@b上海新华@c20180901 |
| 905 | @b1150339-43@dB80-49@e114@f5 | |
| 蓝色思维:与幸福感相关的大脑模式及思维偏好/(美)华莱士·J. 尼科尔斯著/阳曦译.-北京:九州出版社,2018 |
| 22,205页;23cm |
| ISBN 978-7-5108-6940-2:CNY45.00 |
| 本书作者尼科尔斯博士将这种与水有关的大脑模式与思维偏好命名为“蓝色思维”,并从情绪、行为、心理和生理各方面探讨了蓝色思维的能量。蓝色思维不仅让我们感到平和、宁静、和谐,幸福感和满足感油然而生,还可以帮我们控制“红色思维”(一种明显的亢奋状态,主要表现为压力、焦虑、恐惧,甚至可能还有一点愤怒和绝望)的破坏力,将之转换为健康的专注力和创意。 |
| ● |
| 相关链接 |
|
|
|
|
正题名:蓝色思维
索取号:B80-49/114
 
预约/预借
| 序号 | 登录号 | 条形码 | 馆藏地/架位号 | 状态 | 备注 |
| 1 | 1150339 | 211503390 | 第一样本阅览室/ [索取号:B80-49/114] | 在馆 | |
| 2 | 1150340 | 211503407 | 第一借阅区/ [索取号:B80-49/114] | 在馆 | |
| 3 | 1150341 | 211503416 | 第一借阅区/ [索取号:B80-49/114] | 在馆 | |
| 4 | 1150342 | 211503425 | 第一借阅区/ [索取号:B80-49/114] | 在馆 | |
| 5 | 1150343 | 211503434 | 第一借阅区/ [索取号:B80-49/114] | 在馆 |